| 000 | 01130cam a22002775a 4500 | ||
|---|---|---|---|
| 001 | 18554567 | ||
| 005 | 20161015124227.0 | ||
| 008 | 150406s2016 enk frb 001 0 eng d | ||
| 010 | _a 2015003888 | ||
| 020 | _a9780415781275 (hardback) | ||
| 020 | _a9780415781282 (pbk.) | ||
| 040 |
_aDLC _beng _cDLC _dDLC _dEG-ScBUE |
||
| 082 | 0 | 4 |
_a321.8 _bDIA _222 |
| 100 | 1 | _aDiamond, Larry Jay. | |
| 245 | 1 | 0 |
_aIn search of democracy / _cLarry Diamond. |
| 260 |
_aAbingdon : _bRoutledge, _c2016. |
||
| 300 |
_axv, 469 p. ; _c24 cm |
||
| 504 | _aIncludes bibliographical references and index. | ||
| 520 | _aTakes stock of democratic progress in the world, reflects upon the causes of democratic difficulty in the world, and addresses some of the critical conditions for democratic success. This book analyzes democratic dilemmas and prospects in particular regions and countries | ||
| 650 | 0 |
_aDemocracy. _2BUEsh |
|
| 650 | 0 |
_aComparative government. _2BUEsh |
|
| 651 | _2BUEsh | ||
| 653 |
_bHHUUEENN _bBUSBOL _cOctober2016 |
||
| 942 | _2ddc | ||
| 999 |
_c22577 _d22549 |
||